00470cam a2200181 4500001000800000005001700008008004100025010001700066020001500083040001800098041000800116080001000124082001400134100000700148101000800155245009700163504002800260461582720180103083750.0721107s1972 ilua b 001 0 eng  a 77187652  a039802278X aDLCcDLCdDLC aeng a618.900a618.9 FIO1 a48 aPSI10aNormal and abnormal development;cby Mary R. Fiorentino. With a foreword by Myron E. Shafer. aBibliography: p. 61-62.